Names in the history of psychology : A biographical sourcebook (Record no. 1368117)

MARC details
000 -LEADER
fixed length control field 00574nam a2200193Ia 4500
005 - DATE AND TIME OF LATEST TRANSACTION
control field 20250508161039.0
008 - FIXED-LENGTH DATA ELEMENTS--GENERAL INFORMATION
fixed length control field 008 250505s9999 xx 000 0 eng d
020 ## - INTERNATIONAL STANDARD BOOK NUMBER
International Standard Book Number 0-470-98676-X
037 ## - SOURCE OF ACQUISITION
Stock number Books to be hide in OPAC
040 ## - CATALOGING SOURCE
Original cataloging agency FEDL
Language of cataloging eng
Transcribing agency FEDL
041 ## - LANGUAGE CODE
Language code of text/sound track or separate title eng
Source of code eng
084 ## - COLON CLASSIFICATION NUMBER
Classification number 921, ZUS
Assigning agency FEDL
100 ## - MAIN ENTRY--PERSONAL NAME
Personal name Zusne Leonard
9 (RLIN) 85467
245 #0 - TITLE STATEMENT
Title Names in the history of psychology : A biographical sourcebook
260 ## - PUBLICATION, DISTRIBUTION, ETC.
Place of publication, distribution, etc. New York, USA
Name of publisher, distributor, etc. John Wiley and Sons
Date of publication, distribution, etc. 1975
300 ## - PHYSICAL DESCRIPTION
Extent xvii,489p.
942 ## - ADDED ENTRY ELEMENTS (KOHA)
Koha item type Books to be hide in OPAC
Classification part 921, ZUS
Holdings
Withdrawn status Lost status Damaged status Not for loan Home library Current library Date acquired Total Checkouts Full call number Barcode Date last seen Price effective from Koha item type
        Department of Education Library Department of Education Library 2025-05-08   921, ZUS EL0055273 2025-05-08 2025-05-08 Books to be hide in OPAC
Copyright @ Delhi University Library System